Stararchiteckten und Philatelie (Record no. 3269)

000 -LEADER
fixed length control field 00302nam a22000977a 4500
008 - FIXED-LENGTH DATA ELEMENTS--GENERAL INFORMATION
fixed length control field 220110b ||||| |||| 00| 0 eng d
100 ## - MAIN ENTRY--AUTHOR'S NAME
Author's Name Joraschek, Josef
245 ## - TITLE STATEMENT
Title Stararchiteckten und Philatelie
Remainder of title Kunst im Gross- u. Kleinformat
260 ## - PUBLICATION, DISTRIBUTION, ETC. (IMPRINT)
Name of publisher, distributor, etc. Deutsche Post
Date of publication, distribution, etc. 2007
650 ## - TOPICAL TERM (Tag)
Topical term or geographic name Topical; Architecture; Germany

No items available.

Powered by Koha